Guess the Taylor Swift Song (no hints) 148 - Statistics

General Stats
  • This quiz has been taken 65 times
  • The average score is 348 of 419
Answer Stats
Answer % Correct
a
100%
I
100%
"I
100%
(I
100%
it
100%
you
100%
you)?
100%
you"
100%
you")
100%
You
100%
and
97%
And
97%
your
97%
I'm
94%
is
94%
love
94%
me
94%
on
94%
on?
94%
the
94%
The
94%
We're
94%
in
91%
no,
91%
to
91%
to)
91%
you're
91%
for
89%
go"
89%
(go)
89%
if
89%
not
89%
Say,
89%
say,
89%
(say)
89%
(Say,
89%
say)
89%
say
89%
"Don't
86%
"(don't)
86%
don't
86%
"don't
86%
it's
86%
my
86%
Now
86%
back?
83%
back
83%
but
83%
But
83%
by
83%
I've
83%
Oh
83%
oh
83%
said,
83%
'Cause
80%
from
80%
have
80%
Just
80%
night?
80%
stay
80%
then
80%
known
77%
leave
77%
nothin'
77%
that
77%
time
77%
want
77%
would
77%
dark
74%
dark?
74%
forever
74%
has
74%
mine
74%
start
74%
there
74%
very
74%
Why'd
74%
(why'd
74%
bleedin',
71%
bleedin'?
71%
darkest
71%
lead
71%
out
71%
see
71%
shot
71%
wait
71%
won't
71%
won't,
71%
yours,
71%
away
69%
knife?
69%
standin'
69%
alone
66%
into
66%
twist
66%
Give
63%
ground
63%
hold
63%
Make
63%
(make
63%
screamin',
63%
screamin'
63%
show
63%
silence
63%
Walk
63%
drive
60%
Fading
60%
holdin'
60%
hope
60%
kiss
60%
madness
60%
sadness
60%
shaky
60%
stop
60%
tightrope
60%
waiting
60%
whisper
60%
about
57%
bit
57%
blow
57%
breath
57%
close
57%
fair
57%
little
57%
match,
57%
trying
57%
door,
54%
longer
54%
stops
54%
Strike
54%
cards
51%
Halfway
51%
pacin'
51%
sidewalk
51%
unless
49%
fold
46%
unarmed
46%
whoa
31%
No matching quizzes found
Score Distribution
Percent of People with Each Score
Percentile by Number Answered
Your Score History
You have not taken this quiz